[Event "NOR-ch Class1"]
[Site "Lillehammer"]
[Date "2013.06.29"]
[Round "6"]
[White "Garberg, Tore"]
[Black "Nygaard, Timmie"]
[Result "1/2-1/2"]
[WhiteElo "1914"]
[BlackElo "1926"]
[PlyCount "61"]
[EventDate "2013.06.29"]
[EventType "swiss"]
[EventRounds "9"]
[EventCountry "NOR"]
[SourceTitle "EXT 2015"]
[Source "ChessBase"]
[SourceDate "2014.11.20"]
[SourceVersion "1"]
[SourceVersionDate "2014.11.20"]
[SourceQuality "1"]

1. e4 c5 2. c3 Nc6 3. d4 cxd4 4. cxd4 d5 5. exd5 Qxd5 6. Nf3 e6 7. Nc3 Bb4 8. Be2 Nf6 9. 0-0 Qd8 10. a3 Be7 11. Be3 0-0 12. Ne5 Nd5 13. Nxc6 bxc6 14. Bf3 Rb8 15. Qd2 Qb6 16. b4 Rd8 17. Rfc1 Ba6 18. Na4 Qb5 19. Nc5 Bxc5 20. Rxc5 Qb6 21. Rac1 Rbc8 22. g3 Bb7 23. Kg2 Qa6 24. Qb2 Qd3 25. Bg5 Rd7 26. b5 Rd6 27. bxc6 Ba8 28. Bxd5 Rxd5 29. Be3 Rxc5 30. Rxc5 Qe4+ 31. Kf1 1/2-1/2

[Event "NOR-ch Class1"]
[Site "Lillehammer"]
[Date "2013.06.29"]
[Round "5"]
[White "Nygaard, Timmie"]
[Black "Tufta, Jon Gunnar"]
[Result "1/2-1/2"]
[WhiteElo "1926"]
[BlackElo "1817"]
[PlyCount "36"]
[EventDate "2013.06.29"]
[EventType "swiss"]
[EventRounds "9"]
[EventCountry "NOR"]
[SourceTitle "EXT 2015"]
[Source "ChessBase"]
[SourceDate "2014.11.20"]
[SourceVersion "1"]
[SourceVersionDate "2014.11.20"]
[SourceQuality "1"]

1. c4 b6 2. Nc3 Bb7 3. d4 f5 4. Nf3 Nf6 5. e3 e6 6. Bd3 g6 7. 0-0 Bg7 8. Re1 0-0 9. e4 fxe4 10. Nxe4 Nxe4 11. Bxe4 Bxe4 12. Rxe4 Nc6 13. Bg5 Bf6 14. Bxf6 Qxf6 15. Qd2 Ne7 16. Rae1 Nf5 17. b3 Nd6 18. R4e2 Qf4 1/2-1/2

[Event "Oslo Sveins op 2nd"]
[Site "Oslo"]
[Date "2009.06.23"]
[Round "8"]
[White "Nygaard, Timmie"]
[Black "Andreasen, Per Naesby"]
[Result "1/2-1/2"]
[WhiteElo "1930"]
[BlackElo "2265"]
[PlyCount "20"]
[EventDate "2009.06.19"]
[EventType "swiss"]
[EventRounds "9"]
[EventCountry "NOR"]
[SourceTitle "CBM 130 Extra"]
[Source "ChessBase"]
[SourceDate "2009.07.02"]
[SourceVersion "2"]
[SourceVersionDate "2009.07.15"]
[SourceQuality "1"]

1. c4 g6 2. g3 Bg7 3. Bg2 d6 4. Nc3 e5 5. d3 Nc6 6. e4 h5 7. h3 Nge7 8. Nf3 Nd4 9. Nxd4 exd4 10. Ne2 c5 1/2-1/2

[Event "Oslo Sveins op 2nd"]
[Site "Oslo"]
[Date "2009.06.20"]
[Round "2"]
[White "Gabrielsen, Trond"]
[Black "Nygaard, Timmie"]
[Result "1-0"]
[WhiteElo "2300"]
[BlackElo "1930"]
[PlyCount "63"]
[EventDate "2009.06.19"]
[EventType "swiss"]
[EventRounds "9"]
[EventCountry "NOR"]
[SourceTitle "CBM 130 Extra"]
[Source "ChessBase"]
[SourceDate "2009.07.02"]
[SourceVersion "2"]
[SourceVersionDate "2009.07.15"]
[SourceQuality "1"]

1. e4 c5 2. Nc3 Nc6 3. Bb5 e6 4. Bxc6 bxc6 5. f4 d5 6. d3 Nf6 7. e5 Nd7 8. Nf3 Ba6 9. 0-0 c4 10. d4 c5 11. f5 cxd4 12. Nxd4 Qb6 13. fxe6 fxe6 14. Kh1 0-0-0 15. a4 Bb4 16. a5 Bxa5 17. Na4 Qb4 18. Nc6 Qb7 19. Nxa5 Qc7 20. Nc3 Rdf8 21. Bf4 Rf5 22. Bg3 Rhf8 23. Rxf5 Rxf5 24. Nxd5 exd5 25. e6 Qc5 26. exd7+ Kxd7 27. c3 h5 28. Nb3 cxb3 29. Rxa6 g5 30. Qe2 d4 31. Qe6+ Kd8 32. Rd6+ 1-0

[Event "Oslo Sveins op 2nd"]
[Site "Oslo"]
[Date "2009.06.19"]
[Round "7"]
[White "Rundgren, Anders"]
[Black "Nygaard, Timmie"]
[Result "0-1"]
[WhiteElo "1999"]
[BlackElo "1930"]
[PlyCount "88"]
[EventDate "2009.06.19"]
[EventType "swiss"]
[EventRounds "9"]
[EventCountry "NOR"]
[SourceTitle "CBM 130 Extra"]
[Source "ChessBase"]
[SourceDate "2009.07.02"]
[SourceVersion "2"]
[SourceVersionDate "2009.07.15"]
[SourceQuality "1"]

1. e4 c5 2. Nc3 Nc6 3. g3 g6 4. Bg2 Bg7 5. d3 d6 6. Be3 Nf6 7. h3 0-0 8. Qd2 Bd7 9. Nge2 a6 10. 0-0 Ne8 11. Bh6 b5 12. Bxg7 Kxg7 13. f4 f5 14. d4 cxd4 15. Nxd4 Qb6 16. e5 Nxd4 17. Qf2 Rb8 18. Nd5 Ne2+ 19. Kh2 Qxf2 20. Rxf2 Nd4 21. Nxe7 dxe5 22. fxe5 Rf7 23. c3 Ne6 24. Nc6 Bxc6 25. Bxc6 Rc8 26. Bd5 N8c7 27. Bb3 Rd7 28. a4 Nc5 29. Bc2 Re8 30. axb5 axb5 31. Re2 Red8 32. Ra7 N7e6 33. Rxd7+ Rxd7 34. b4 Na6 35. Bb3 Nac7 36. Ra2 Kh6 37. Ra7 Rd2+ 38. Kg1 Re2 39. c4 bxc4 40. Bxc4 Rxe5 41. Rb7 Re4 42. Ba2 Rd4 43. Kf1 Nd5 44. b5 Rd1+ 0-1

[Event "Oslo Sveins op 2nd"]
[Site "Oslo"]
[Date "2009.06.19"]
[Round "9"]
[White "Skrondal, Inge Sandstad"]
[Black "Nygaard, Timmie"]
[Result "1-0"]
[WhiteElo "2204"]
[BlackElo "1930"]
[PlyCount "95"]
[EventDate "2009.06.19"]
[EventType "swiss"]
[EventRounds "9"]
[EventCountry "NOR"]
[SourceTitle "CBM 130 Extra"]
[Source "ChessBase"]
[SourceDate "2009.07.02"]
[SourceVersion "2"]
[SourceVersionDate "2009.07.15"]
[SourceQuality "1"]

1. Nf3 d5 2. d4 Nf6 3. c4 e6 4. g3 Be7 5. Bg2 0-0 6. 0-0 c6 7. Qc2 Nbd7 8. Nbd2 Re8 9. Rd1 b6 10. e4 dxe4 11. Nxe4 Bb7 12. Ne5 Qc7 13. Bf4 Nxe5 14. Bxe5 Qd8 15. Ng5 g6 16. c5 Nd5 17. Ne4 f6 18. Bd6 b5 19. Re1 Bc8 20. f4 f5 21. Bxe7 Rxe7 22. Ng5 Bd7 23. Re5 h6 24. Nf3 Qc7 25. Nd2 Rae8 26. a3 a5 27. Rae1 Bc8 28. Bxd5 cxd5 29. b4 axb4 30. axb4 Qa7 31. Qb2 Qb8 32. Nb3 Qc7 33. Na5 Bb7 34. c6 Bc8 35. Qc3 Qb6 36. Rc1 Kf7 37. Qc5 Qxc5 38. Rxc5 Ba6 39. Re1 Rc7 40. Ra1 Rec8 41. Nb7 Rxc6 42. Rxc6 Bxb7 43. Rxc8 Bxc8 44. Ra7+ Kf6 45. Rc7 Ba6 46. h4 g5 47. h5 gxf4 48. gxf4 1-0

[Event "Oslo ASKO op"]
[Site "Oslo"]
[Date "2009.01.23"]
[Round "2"]
[White "Urkedal, Frode Olav Olsen"]
[Black "Nygaard, Timmie"]
[Result "1-0"]
[WhiteElo "2326"]
[BlackElo "1940"]
[PlyCount "45"]
[EventDate "2009.01.23"]
[EventType "swiss"]
[EventRounds "5"]
[EventCountry "NOR"]
[SourceTitle "EXT 2011"]
[Source "ChessBase"]
[SourceDate "2010.11.26"]
[SourceVersion "1"]
[SourceVersionDate "2010.11.26"]
[SourceQuality "1"]

1. d4 Nf6 2. Bg5 Ne4 3. Bf4 d5 4. e3 c6 5. Bd3 Nf6 6. c4 e6 7. Nf3 Be7 8. Nc3 0-0 9. 0-0 dxc4 10. Bxc4 b5 11. Bd3 b4 12. Ne4 Nxe4 13. Bxe4 Bb7 14. Rc1 Qb6 15. Bxb8 Rfxb8 16. Ne5 Rc8 17. Bxh7+ Kxh7 18. Qh5+ Kg8 19. Qxf7+ Kh7 20. Qxe7 Re8 21. Qf7 a5 22. Nd7 Qd8 23. Rc5 1-0

[Event "Oslo Johannessen Memorial"]
[Site "Oslo"]
[Date "2008.06.29"]
[Round "4"]
[White "Mellem, Nicolas Axel"]
[Black "Nygaard, Timmie"]
[Result "1/2-1/2"]
[WhiteElo "2131"]
[BlackElo "1842"]
[PlyCount "164"]
[EventDate "2008.06.27"]
[EventType "swiss"]
[EventRounds "9"]
[EventCountry "NOR"]
[SourceTitle "CBM 125 Extra"]
[Source "ChessBase"]
[SourceDate "2008.09.01"]
[SourceVersion "1"]
[SourceVersionDate "2008.09.01"]
[SourceQuality "1"]

1. e4 c5 2. Nc3 g6 3. Nf3 Bg7 4. d4 cxd4 5. Nxd4 Nc6 6. Be3 d6 7. Be2 Nf6 8. 0-0 0-0 9. Kh1 h5 10. Qd2 Bd7 11. Rad1 a6 12. f4 b5 13. Bf3 Rc8 14. Nxc6 Bxc6 15. e5 Ng4 16. Bxg4 hxg4 17. Qe2 Qd7 18. exd6 exd6 19. Nd5 Qe6 20. f5 gxf5 21. Rxf5 Bxd5 22. Rfxd5 Rfe8 23. R1d3 Rc6 24. Qd1 f5 25. Bg1 Be5 26. c3 Re7 27. a4 bxa4 28. Qxa4 Rec7 29. Qd1 Rh7 30. Qe2 Kf7 31. Ra5 Kf6 32. g3 Rb7 33. Ra1 Rb5 34. Re1 Rb7 35. Bf2 Re7 36. Kg1 Kf7 37. Kh1 Kf6 38. Kg1 Kf7 39. Kf1 Qh6 40. Kg2 Qh3+ 41. Kh1 Bf6 42. Re3 Re5 43. Qd3 Ke6 44. R3e2 Rxe2 45. Qxe2+ Be5 46. Bd4 Qh8 47. Qd3 Qa8 48. Kg1 Qb8 49. Qe3 Qh8 50. Qg5 Rc8 51. Qe3 Rb8 52. b4 Rb5 53. Qg5 Rb8 54. Bxe5 dxe5 55. Rd1 Qh7 56. Qd2 Qe7 57. Qd5+ Kf6 58. Qc6+ Kg5 59. Rd7 Qf6 60. Rd6 Qf7 61. Rd7 Qf6 62. Rd6 Qf7 63. Qxa6 Rg8 64. Qa1 Rh8 65. Qc1+ f4 66. gxf4+ exf4 67. Qd2 Qa7+ 68. Kf1 Qa1+ 69. Qd1 Qxd1+ 70. Rxd1 Rxh2 71. Kg1 Rc2 72. b5 Rxc3 73. Rb1 Rc8 74. b6 g3 75. b7 Rb8 76. Rb5+ Kg4 77. Rb6 f3 78. Rg6+ Kf4 79. Rf6+ Ke4 80. Re6+ Kd4 81. Rd6+ Ke5 82. Rb6 Kd5 1/2-1/2

[Event "Bergen Sommer op-A"]
[Site "Bergen"]
[Date "2007.08.10"]
[Round "6"]
[White "Nygaard, Timmie"]
[Black "Normann, Oyvind"]
[Result "1-0"]
[WhiteElo "1556"]
[BlackElo "1870"]
[PlyCount "235"]
[EventDate "2007.08.05"]
[EventType "swiss"]
[EventRounds "6"]
[EventCountry "NOR"]
[SourceTitle "CBM 119 Extra"]
[Source "ChessBase"]
[SourceDate "2007.09.04"]
[SourceVersion "1"]
[SourceVersionDate "2007.09.04"]
[SourceQuality "1"]

1. d4 Nf6 2. c4 e6 3. Nf3 Bb4+ 4. Bd2 Qe7 5. a3 Bxd2+ 6. Nbxd2 d6 7. e4 e5 8. d5 0-0 9. h3 a5 10. b3 Nh5 11. g3 f5 12. Bd3 fxe4 13. Nxe4 Nf6 14. g4 Na6 15. Nfd2 Nxe4 16. Nxe4 b6 17. 0-0 Qh4 18. Kg2 Rf4 19. f3 Bd7 20. Qe2 Raf8 21. Rf2 Nc5 22. Nxc5 bxc5 23. Be4 h5 24. Rh1 R8f6 25. a4 Rh6 26. Rff1 Qf6 27. Kg3 h4+ 28. Kg2 Qg5 29. Rf2 Qd8 30. Qc2 Rhf6 31. Rd1 Rf8 32. Bh7+ Kh8 33. Qg6 R8f6 34. Qc2 Qc8 35. Be4 Qb8 36. Rb1 Rf8 37. Rb2 Qd8 38. Qc3 Qa8 39. Qd3 Qb8 40. Qc3 Qb6 41. Qd3 Qb4 42. Rb1 Rb8 43. Ra2 Rbf8 44. Rf2 Qb8 45. Qc3 Qb6 46. Qd3 Ra8 47. Bh7 Qb8 48. Qg6 Qe8 49. Qxe8+ Rxe8 50. Be4 Rb8 51. Rff1 Kg8 52. Kf2 Kf7 53. Ke3 Ke7 54. Rfd1 Kf6 55. Rf1 Kg5 56. Rg1 Rbf8 57. Rbf1 Be8 58. Rf2 Bd7 59. Rgf1 Rb8 60. Rb1 Rff8 61. Rg2 Rb4 62. Ra2 Rfb8 63. Ra3 Be8 64. Bf5 Bg6 65. Bxg6 Kxg6 66. Kd3 Kg5 67. Kc3 Kf4 68. Rf1 Kg3 69. g5 Rf8 70. Raa1 Rbb8 71. Rg1+ Kf4 72. Rg4+ Ke3 73. Rxh4 Rxf3 74. Rb1 Kf2+ 75. Kc2 Kg3 76. Rh7 Rf2+ 77. Kc3 Rbf8 78. Rd1 R8f3+ 79. Rd3 Rxd3+ 80. Kxd3 Rf3+ 81. Kc2 Rf5 82. Rxg7 Kxh3 83. Rxc7 Rxg5 84. Rd7 Rg6 85. Re7 Rg8 86. Re6 Rd8 87. Kd3 Kh4 88. Rg6 Kh5 89. Rg7 Ra8 90. Ke4 Rb8 91. Kf5 Kh6 92. Rg3 Rb6 93. Ke6 Kh5 94. Kd7 Kh4 95. Re3 Kg4 96. Kc7 Kf4 97. Rh3 Rb4 98. Kxd6 e4 99. Kxc5 Rb8 100. d6 e3 101. Rxe3 Kxe3 102. d7 Ke4 103. Kc6 Ke5 104. Kc7 Rh8 105. d8Q Rxd8 106. Kxd8 Kd6 107. Ke8 Kc6 108. Kf7 Kc5 109. Ke6 Kb4 110. Kd5 Kxb3 111. c5 Kxa4 112. c6 Ka3 113. c7 a4 114. c8Q Ka2 115. Kc4 a3 116. Qb7 Ka1 117. Kc3 a2 118. Qh1# 1-0

[Event "Bergen Sommer op-A"]
[Site "Bergen"]
[Date "2007.08.09"]
[Round "5"]
[White "Guttulsrud, Odd Martin"]
[Black "Nygaard, Timmie"]
[Result "0-1"]
[WhiteElo "1426"]
[BlackElo "1556"]
[PlyCount "106"]
[EventDate "2007.08.05"]
[EventType "swiss"]
[EventRounds "6"]
[EventCountry "NOR"]
[SourceTitle "CBM 119 Extra"]
[Source "ChessBase"]
[SourceDate "2007.09.04"]
[SourceVersion "1"]
[SourceVersionDate "2007.09.04"]
[SourceQuality "1"]

1. e4 c6 2. d4 d5 3. Nc3 dxe4 4. Nxe4 Bf5 5. Ng3 Bg6 6. Bc4 e6 7. N1e2 Bd6 8. 0-0 Nd7 9. Bd3 Ne7 10. Bxg6 hxg6 11. Bf4 Bxf4 12. Nxf4 Nf5 13. Nxf5 gxf5 14. g3 g5 15. Ng2 Qf6 16. f3 Qh6 17. h4 gxh4 18. gxh4 Qg7 19. Kf2 0-0-0 20. Rg1 Nb6 21. c3 Qh6 22. Qc1 Qf6 23. Qg5 Qxg5 24. hxg5 Rdg8 25. f4 Nc4 26. b3 Nd6 27. c4 Ne4+ 28. Ke2 Rd8 29. Ne1 Rxd4 30. Nf3 Nc3+ 31. Ke3 Re4+ 32. Kd3 Rh3 33. Kxc3 Rxf3+ 34. Kd2 Rfxf4 35. g6 fxg6 36. Rxg6 Rg4 37. Rg1 Rxg1 38. Rxg1 f4 39. c5 a5 40. Rg8+ Kc7 41. Rf8 e5 42. Rf5 Re3 43. Rf8 b5 44. Rf7+ Kc8 45. Rf6 Kd7 46. Rd6+ Kc7 47. Re6 e4 48. Rf6 Rd3+ 49. Ke2 f3+ 50. Ke1 Re3+ 51. Kf1 Re2 52. Re6 b4 53. Re5 Kd7 0-1

[Event "Bergen Sommer op-A"]
[Site "Bergen"]
[Date "2007.08.07"]
[Round "3"]
[White "Gronnestad, Anita"]
[Black "Nygaard, Timmie"]
[Result "0-1"]
[WhiteElo "1875"]
[BlackElo "1504"]
[PlyCount "78"]
[EventDate "2007.08.05"]
[EventType "swiss"]
[EventRounds "6"]
[EventCountry "NOR"]
[SourceTitle "CBM 119 Extra"]
[Source "ChessBase"]
[SourceDate "2007.09.04"]
[SourceVersion "1"]
[SourceVersionDate "2007.09.04"]
[SourceQuality "1"]

1. e4 c6 2. d4 d5 3. e5 Bf5 4. Be2 e6 5. Nf3 Nd7 6. 0-0 c5 7. c3 a6 8. a4 Rb8 9. Na3 c4 10. Bg5 Be7 11. Bxe7 Nxe7 12. Nh4 Bg6 13. f4 Nf5 14. Nxf5 Bxf5 15. Qe1 h5 16. Qg3 g6 17. a5 h4 18. Qe3 Rc8 19. Nb1 Bxb1 20. Rfxb1 Nb8 21. b3 cxb3 22. Rxb3 Qe7 23. Rab1 Rc7 24. Rb6 0-0 25. Qd2 Nc6 26. c4 dxc4 27. d5 Qc5+ 28. Kh1 exd5 29. f5 Qd4 30. Qh6 Qxe5 31. Qxh4 Qxe2 32. f6 Qh5 33. Qf4 Rd7 34. Rf1 Re8 35. Rb2 Re5 36. g4 Qg5 37. Qg3 Re3 38. Qf2 Ne5 39. h4 Rh3+ 0-1

[Event "Trondheim tt U26"]
[Site "Trondheim"]
[Date "2007.04.29"]
[Round "4"]
[White "Nygaard, Timmie"]
[Black "Lund, Terje"]
[Result "1/2-1/2"]
[WhiteElo "1570"]
[BlackElo "1893"]
[PlyCount "114"]
[EventDate "2007.04.28"]
[EventType "team-tourn"]
[EventRounds "5"]
[EventCountry "NOR"]
[SourceTitle "EXT 2008"]
[Source "ChessBase"]
[SourceDate "2007.11.25"]
[SourceVersion "1"]
[SourceVersionDate "2007.11.25"]
[SourceQuality "1"]

1. d4 e6 2. c4 Nf6 3. Nf3 b6 4. Nc3 Bb4 5. Bd2 Bb7 6. e3 0-0 7. Bd3 Bxc3 8. Bxc3 Ne4 9. Bb4 d6 10. Qc2 f5 11. b3 Nd7 12. Ba3 Rf6 13. Bb2 Rg6 14. Rg1 a5 15. a4 Ndf6 16. h3 Nc5 17. Be2 Be4 18. Qc3 Nd3+ 19. Bxd3 Bxf3 20. Kf1 Be4 21. Be2 Bb7 22. f3 Nh5 23. Ke1 Qh4+ 24. Kd2 Ng3 25. Bd3 Re8 26. Qc2 Qg5 27. Rae1 Qf6 28. Kc1 e5 29. d5 c6 30. e4 cxd5 31. exd5 Qf7 32. Kb1 Bc8 33. Ba3 e4 34. Be2 e3 35. Bd3 Rh6 36. Bc1 f4 37. Ka2 Bf5 38. Bxf5 Nxf5 39. Bb2 Qd7 40. Qd3 Rg6 41. Bd4 Nxd4 42. Qxd4 Qf5 43. Re2 Rb8 44. Kb2 Rg3 45. Kc3 Qg5 46. Qd1 Re8 47. Kc2 Qg6+ 48. Qd3 Qxd3+ 49. Kxd3 Re5 50. Kd4 Kf7 51. Rb1 Rg6 52. Rbb2 Re7 53. Kd3 Kf6 54. b4 Ke5 55. bxa5 bxa5 56. Rb5 Ra7 57. Rb8 Ra6 1/2-1/2

[Event "Trondheim tt U26"]
[Site "Trondheim"]
[Date "2007.04.28"]
[Round "3"]
[White "Eriksen, Matts"]
[Black "Nygaard, Timmie"]
[Result "0-1"]
[WhiteElo "1529"]
[BlackElo "1570"]
[PlyCount "27"]
[EventDate "2007.04.28"]
[EventType "team-tourn"]
[EventRounds "5"]
[EventCountry "NOR"]
[SourceTitle "EXT 2008"]
[Source "ChessBase"]
[SourceDate "2007.11.25"]
[SourceVersion "1"]
[SourceVersionDate "2007.11.25"]
[SourceQuality "1"]

1. e4 c6 2. d4 d5 3. f3 e6 4. e5 Nd7 5. Bd3 Qh4+ 6. g3 Qxd4 7. f4 Nc5 8. Nf3 Nxd3+ 9. cxd3 Bb4+ 10. Ke2 Qb6 11. a3 Be7 12. Nc3 Nh6 13. h3 Nf5 14. g4 0-1

[Event "NOR-ch qual-A"]
[Site "Oslo"]
[Date "2007.04.02"]
[Round "2"]
[White "Bryn, Thomas"]
[Black "Nygaard, Timmie"]
[Result "1-0"]
[WhiteElo "2023"]
[BlackElo "1547"]
[PlyCount "119"]
[EventDate "2007.04.01"]
[EventType "swiss"]
[EventRounds "7"]
[EventCountry "NOR"]
[SourceTitle "EXT 2008"]
[Source "ChessBase"]
[SourceDate "2007.11.25"]
[SourceVersion "1"]
[SourceVersionDate "2007.11.25"]
[SourceQuality "1"]

1. c4 e5 2. Nc3 Nf6 3. g3 c6 4. Nf3 d6 5. Bg2 Bf5 6. d4 Qc7 7. 0-0 h6 8. c5 Nbd7 9. cxd6 Bxd6 10. dxe5 Nxe5 11. Nd4 Bd7 12. e4 Nh7 13. f4 Nc4 14. b3 Nb6 15. Bb2 0-0 16. Rc1 Bc5 17. e5 Bxd4+ 18. Qxd4 Bf5 19. Nb5 Qd7 20. Nd6 f6 21. Nxf5 Qxf5 22. Be4 Qd7 23. Qxd7 Nxd7 24. e6 Nb6 25. f5 Rfe8 26. Rfd1 Rad8 27. Kf2 Nc8 28. Ba3 Ng5 29. Bg2 a6 30. h4 Nh7 31. Bb4 Rxd1 32. Rxd1 Nf8 33. Bc5 Ne7 34. Bxe7 Rxe7 35. Rd8 g6 36. g4 Kg7 37. h5 gxh5 38. gxh5 Nh7 39. Ke3 Nf8 40. Rb8 Nxe6 41. fxe6 Rxe6+ 42. Kf2 Re7 43. Bh3 f5 44. Kf3 Kf6 45. Rf8+ Rf7 46. Rxf7+ Kxf7 47. Bxf5 b6 48. Kf4 Ke7 49. Ke5 b5 50. Be4 Kd7 51. Kd4 Kd6 52. b4 a5 53. a3 c5+ 54. bxc5+ Kc7 55. c6 Kb6 56. Kd5 Kc7 57. Kc5 b4 58. axb4 a4 59. b5 a3 60. b6+ 1-0

[Event "NOR-ch qual-A"]
[Site "Oslo"]
[Date "2007.04.02"]
[Round "3"]
[White "Nygaard, Timmie"]
[Black "Thingstad, Even"]
[Result "0-1"]
[WhiteElo "1547"]
[BlackElo "1750"]
[PlyCount "142"]
[EventDate "2007.04.01"]
[EventType "swiss"]
[EventRounds "7"]
[EventCountry "NOR"]
[SourceTitle "EXT 2008"]
[Source "ChessBase"]
[SourceDate "2007.11.25"]
[SourceVersion "1"]
[SourceVersionDate "2007.11.25"]
[SourceQuality "1"]

1. d4 e6 2. c4 Nf6 3. Nf3 Bb4+ 4. Bd2 Qe7 5. a3 Bxd2+ 6. Nbxd2 d6 7. e3 0-0 8. Qc2 e5 9. d5 a5 10. Bd3 Na6 11. 0-0 Nc5 12. Be2 a4 13. b4 axb3 14. Nxb3 Na4 15. e4 Nh5 16. Rfe1 Nf4 17. Bf1 f5 18. g3 fxe4 19. Qxe4 Bf5 20. Qxf4 Bc2 21. Qe3 Bxb3 22. Qxb3 Qf6 23. Rab1 Nc5 24. Qe3 Qxf3 25. Bg2 Qxe3 26. Rxe3 Ra4 27. Rb4 Ra7 28. Rb2 Rfa8 29. Ra2 Ra4 30. Bf1 R8a5 31. Kg2 Nd7 32. Be2 Kf7 33. h3 Rc5 34. Rc3 Nb6 35. Rac2 Ke7 36. h4 Kd8 37. Rc1 g6 38. R1c2 Nd7 39. g4 Rca5 40. Ra2 Nc5 41. f3 c6 42. dxc6 bxc6 43. Kh3 Ke7 44. Bd1 d5 45. Bxa4 d4 46. Rc1 Rxa4 47. Re1 Kd6 48. Rc1 Nd3 49. Rcc2 Kc5 50. Kg3 Rxc4 51. Rxc4+ Kxc4 52. Rc2+ Kd5 53. Rd2 Nc5 54. Kg2 Na4 55. Kf2 c5 56. Ke2 c4 57. g5 c3 58. Rc2 Kc4 59. Rc1 d3+ 60. Ke3 d2 61. Rd1 c2 62. Kxd2 cxd1Q+ 63. Kxd1 Kd3 64. Ke1 Ke3 65. f4 exf4 66. Kf1 f3 67. Ke1 Nb2 68. a4 f2+ 69. Kf1 Kf3 70. a5 Nc4 71. a6 Ne3# 0-1

[Event "NOR-ch qual-A"]
[Site "Oslo"]
[Date "2007.04.01"]
[Round "1"]
[White "Nygaard, Timmie"]
[Black "Tallaksen, Levi Andre"]
[Result "1/2-1/2"]
[WhiteElo "1547"]
[BlackElo "1845"]
[PlyCount "115"]
[EventDate "2007.04.01"]
[EventType "swiss"]
[EventRounds "7"]
[EventCountry "NOR"]
[SourceTitle "EXT 2008"]
[Source "ChessBase"]
[SourceDate "2007.11.25"]
[SourceVersion "1"]
[SourceVersionDate "2007.11.25"]
[SourceQuality "1"]

1. d4 Nf6 2. c4 e6 3. Nf3 b6 4. Nc3 Bb4 5. Bd2 Bb7 6. e3 0-0 7. Bd3 Bxc3 8. Bxc3 Ne4 9. Bb4 d6 10. Qc2 f5 11. Bc3 Nd7 12. b3 Nxc3 13. Qxc3 e5 14. dxe5 dxe5 15. Be2 e4 16. Nd4 Qf6 17. 0-0-0 a6 18. Qb2 Ne5 19. Rhg1 c5 20. Nc2 Qe7 21. h3 Bc6 22. Kb1 b5 23. cxb5 Bxb5 24. Bxb5 axb5 25. Ne1 Rfd8 26. Rxd8+ Rxd8 27. Qe2 c4 28. f4 c3 29. Nc2 Nd3 30. g4 fxg4 31. Qxg4 Nf2 32. Qf5 Qd6 33. Nd4 Qa3 34. Rxg7+ Kxg7 35. Ne6+ Kg8 36. Qg5+ Kf7 37. Nxd8+ Ke8 38. Qg8+ Kd7 39. Qxh7+ Kc8 40. Qf5+ Kxd8 41. Qd5+ Kc7 42. Qe5+ Qd6 43. Qxc3+ Kb6 44. Qd4+ Qxd4 45. exd4 Nd3 46. Kc2 Nxf4 47. h4 e3 48. Kd1 e2+ 49. Kd2 Kc6 50. h5 Nxh5 51. Kxe2 b4 52. Kd3 Kd5 53. Kc2 Nf4 54. Kb1 Ne2 55. a3 Nc3+ 56. Kb2 Nd1+ 57. Ka2 Nc3+ 58. Kb2 1/2-1/2